| 000 | 00866cam a2200241 i 4500 | ||
|---|---|---|---|
| 005 | 20250331183918.0 | ||
| 007 | ta | ||
| 008 | 030707e200200 a 000 0 spa | ||
| 020 | _a8480887737 | ||
| 020 | _a9584213288 | ||
| 040 |
_aCO-CtgCURN _bspa _ccoctgcurn |
||
| 082 | 0 | 4 |
_a159.9 _bC776 |
| 100 | 1 | _aCooper, Cary L. | |
| 245 | 1 | 0 |
_aComo controlar eficazmente el estres en una semana / _cCary Cooper y Alison Straw ; [traducido por, Guillermo Solana Alonso]. |
| 260 |
_aBarcelona ; _aBogotá : _bEditorial Planeta : _bGestion 2000, _cD.L. 2002. |
||
| 300 |
_a109 p. : _bil. |
||
| 490 | 1 | _aHabilidades esenciales. pasos para alcanzar el exito | |
| 650 | 1 | 4 |
_aEstres (PsicologĂa) _xPrevencion. |
| 650 | 1 | 4 | _aEstres profesional. |
| 700 | 1 | _aStraw, Alison. | |
| 942 |
_cBK _h159.9 _iC776 _2ddc |
||
| 999 |
_c17303 _d17303 |
||